Ceilings - Lizzy McAlpine - Statistics

General Stats
  • This quiz has been taken 299 times
  • The average score is 170 of 193
Answer Stats
Hint Answer % Correct
I
100%
a
99%
you
99%
You
99%
And
98%
and
98%
be
98%
it
98%
It
98%
Verse 1: Ceilings
97%
me
96%
to
95%
it's
94%
It's
94%
no
94%
of
94%
the
94%
but
93%
But
93%
Can't
93%
can't
93%
like
93%
your
93%
don't
92%
feels
92%
kiss
92%
movie
92%
I've
91%
kinda
91%
before
90%
Before
90%
just
90%
seen
90%
car
89%
cute
89%
in
89%
make
89%
move
89%
with
89%
faster?
88%
home
88%
start
88%
go
87%
here
87%
You're
87%
you're
87%
driving
86%
not
86%
exist
85%
Lovely
85%
plaster
85%
real
85%
end
84%
sit
84%
last
83%
time
83%
sitting
82%
get
81%
My
81%
so
81%
are
80%
now
80%
recall
80%
wanna
80%
water
80%
shoes
79%
leave
78%
over
78%
as
77%
comes
77%
does
77%
else
77%
full
77%
have
77%
hits
77%
kissed
77%
nobody
77%
raining
77%
was
77%
harder
75%
Touch
75%
up
75%
clothes
74%
lay
74%
out
73%
sheets
72%
Verse 2: Bed
71%
all
70%
moment
70%
on
70%
ruin
69%
chaos
68%
this
68%
rained
66%
say
66%
Chorus: Then
66%
between
65%
comfort
65%
would
64%
short
63%
No matching quizzes found
Score Distribution
Percent of People with Each Score
Percentile by Number Answered
Your Score History
You have not taken this quiz